| 000 | 00810cam a2200265u 4500 | ||
|---|---|---|---|
| 999 |
_c20321 _d20321 |
||
| 001 | 10235320 | ||
| 003 | BDDh-ASL | ||
| 005 | 20231015025855.0 | ||
| 008 | 810806s1953 tnub 000 0 eng | ||
| 010 | _a 50001422 | ||
| 040 |
_aDLC _cCarP _dDLC _dBDDh-ASL |
||
| 050 | 0 | 0 |
_aBP161 _b.B4 |
| 082 |
_a297.09 _bBEB |
||
| 100 | 1 | _aBethmann, Erich W. | |
| 245 | 1 | 0 | _aBridge to Islām / |
| 260 |
_aLondon: _bGeorge Allen & Unwin Ltd., _c[1953] |
||
| 300 |
_a240 p. _bmaps (on lining papers) _c22 cm. |
||
| 504 | _aInclude Bibliographical References and Index | ||
| 650 | 0 | _aIslam. | |
| 650 | 0 |
_aIslam _xRelations _xChristianity. |
|
| 650 | 0 |
_aChristianity and other religions _xIslam. |
|
| 650 | 0 |
_aSeventh-Day Adventists _xMissions. |
|
| 906 |
_a0 _bcbc _cpremunv _du _encip _f19 _gy-gencatlg |
||
| 942 |
_2ddc _cBK |
||